[Event "FIN-chT1B 1819"]
[Site "Finland"]
[Date "2019.04.06"]
[Round "7.5"]
[White "Seppala, Aki"]
[Black "Koskimaa, Esko"]
[Result "1-0"]
[WhiteElo "2056"]
[BlackElo "2024"]
[PlyCount "57"]
[EventDate "2018.09.15"]
[EventType "team-tourn"]
[EventRounds "7"]
[EventCountry "FIN"]
[SourceTitle "EXT 2020"]
[Source "ChessBase"]
[SourceDate "2019.10.17"]
[SourceVersion "1"]
[SourceVersionDate "2019.10.17"]
[SourceQuality "1"]
[WhiteTeam "Jyvaskyla JyS II"]
[BlackTeam "Helsinki KSK"]
[WhiteTeamCountry "FIN"]
[BlackTeamCountry "FIN"]

1. e4 e5 2. Nf3 Nc6 3. d4 exd4 4. Bc4 Nf6 5. e5 d5 6. Bb5 Ne4 7. Nxd4 Bd7 8. Bxc6 bxc6 9. 0-0 Be7 10. f3 Nc5 11. f4 Ne4 12. Nd2 Nxd2 13. Qxd2 c5 14. Ne2 Bc6 15. f5 0-0 16. Ng3 Kh8 17. Qf4 d4 18. Ne4 Qd5 19. Re1 Rae8 20. Qg3 f6 21. Bf4 Bd8 22. c4 Qxc4 23. Rac1 Qxa2 24. Nxc5 fxe5 25. Bxe5 Bf6 26. Ne6 Rxe6 27. fxe6 Qxe6 28. Bxf6 Qxf6 29. Rf1 1-0

[Event "Jyvaskyla Winter op-A 40th"]
[Site "Jyvaskyla"]
[Date "2019.02.02"]
[Round "3"]
[White "Karvinen, Kimmo"]
[Black "Seppala, Aki"]
[Result "0-1"]
[WhiteElo "2134"]
[BlackElo "2085"]
[PlyCount "74"]
[EventDate "2019.02.01"]
[EventType "swiss"]
[EventRounds "5"]
[EventCountry "FIN"]
[SourceTitle "EXT 2021"]
[Source "ChessBase"]
[SourceDate "2020.10.23"]
[SourceVersion "1"]
[SourceVersionDate "2020.10.23"]
[SourceQuality "1"]

1. e4 e5 2. Nf3 Nc6 3. c3 d5 4. Qa4 Qd6 5. d3 Nf6 6. Be2 Be7 7. 0-0 0-0 8. Re1 dxe4 9. dxe4 Bd7 10. Qc2 h6 11. Nbd2 Nh5 12. Nc4 Qf6 13. g3 Bh3 14. b4 Bd6 15. Nh4 Nf4 16. Bf1 Bxf1 17. Rxf1 Ne7 18. Ne3 Nfg6 19. Nhf5 Nxf5 20. Ng4 Qd8 21. exf5 h5 22. Nh6+ gxh6 23. fxg6 Kg7 24. gxf7 Rxf7 25. h4 Qf6 26. Qe4 c5 27. Be3 cxb4 28. cxb4 a6 29. Rfd1 Rg8 30. Rd5 Kh8 31. Rc1 Rg4 32. Qg2 Rfg7 33. Qh3 Qf3 34. Qxg4 Rxg4 35. Rxd6 Rxg3+ 36. Kf1 Qh1+ 37. Ke2 Rxe3+ 0-1

[Event "Heart of Finland op 28th"]
[Site "Jyvaskyla"]
[Date "2018.07.22"]
[Round "9"]
[White "Seppala, Aki"]
[Black "Alho, Sauli"]
[Result "0-1"]
[WhiteElo "2048"]
[BlackElo "2158"]
[PlyCount "68"]
[EventDate "2018.07.16"]
[EventType "swiss"]
[EventRounds "9"]
[EventCountry "FIN"]
[SourceTitle "CBM 185 Extra"]
[Source "ChessBase"]
[SourceDate "2018.07.29"]
[SourceVersion "1"]
[SourceVersionDate "2018.07.29"]
[SourceQuality "1"]

1. e4 d5 2. exd5 Qxd5 3. Nf3 Bg4 4. Be2 Nc6 5. d4 e5 6. c4 Bb4+ 7. Nbd2 Qa5 8. d5 Bxf3 9. Bxf3 Nd4 10. Be4 f5 11. Bb1 Ne7 12. 0-0 Qa6 13. Qe1 Ng6 14. Qe3 Bxd2 15. Bxd2 Qxc4 16. d6 cxd6 17. a3 Ne2+ 18. Kh1 Ng3+ 19. hxg3 Qxf1+ 20. Kh2 Qb5 21. Bxf5 0-0 22. Bxg6 hxg6 23. Bb4 Rf6 24. Rd1 Qc6 25. Qb3+ Kh7 26. Rh1 d5 27. g4 Kg8 28. Qg3 Re8 29. g5 Rf5 30. Qh4 e4 31. g4 Rf3 32. Kg2 d4 33. Qh7+ Kf7 34. Rh6 e3 0-1

[Event "Heart of Finland op 28th"]
[Site "Jyvaskyla"]
[Date "2018.07.17"]
[Round "2"]
[White "Seppala, Aki"]
[Black "Galchenko, Matvey"]
[Result "0-1"]
[WhiteElo "2048"]
[BlackElo "2355"]
[PlyCount "62"]
[EventDate "2018.07.16"]
[EventType "swiss"]
[EventRounds "9"]
[EventCountry "FIN"]
[SourceTitle "CBM 185 Extra"]
[Source "ChessBase"]
[SourceDate "2018.07.29"]
[SourceVersion "1"]
[SourceVersionDate "2018.07.29"]
[SourceQuality "1"]

1. e4 Nc6 2. Nf3 d6 3. d4 Nf6 4. Nc3 g6 5. h3 Bg7 6. Bd3 0-0 7. 0-0 e5 8. dxe5 dxe5 9. Be3 Nh5 10. Nd5 Nd4 11. g4 c6 12. Nc3 Nf4 13. Bxf4 exf4 14. Nxd4 Bxd4 15. Qf3 Qg5 16. Kh2 Be6 17. Rab1 Be5 18. a3 Kg7 19. Ne2 h5 20. gxh5 Rh8 21. Rg1 Qxh5 22. Qxh5 Rxh5 23. Rh1 Rxh3+ 24. Kg1 Rah8 25. Rxh3 Rxh3 26. Nc3 Bg4 27. Bf1 Rh4 28. Bg2 f3 29. Bh1 Bh2+ 30. Kf1 Bh3+ 31. Ke1 Bg2 0-1

[Event "FIN-chT1B 1718"]
[Site "Finland"]
[Date "2018.02.03"]
[Round "6.5"]
[White "Koskinen, Erkki"]
[Black "Seppala, Aki"]
[Result "0-1"]
[WhiteElo "1917"]
[BlackElo "2038"]
[PlyCount "56"]
[EventDate "2017.09.16"]
[EventType "team-tourn"]
[EventRounds "7"]
[EventCountry "FIN"]
[SourceTitle "EXT 2020"]
[Source "ChessBase"]
[SourceDate "2019.10.17"]
[SourceVersion "1"]
[SourceVersionDate "2019.10.17"]
[SourceQuality "1"]
[WhiteTeam "Helsinki Garde"]
[BlackTeam "Jyvaskyla JyS II"]
[WhiteTeamCountry "FIN"]
[BlackTeamCountry "FIN"]

1. d4 Nf6 2. c4 e6 3. Nc3 Bb4 4. f3 0-0 5. a3 Bxc3+ 6. bxc3 Nc6 7. e4 e5 8. Bg5 d6 9. Ne2 Na5 10. Qa4 b6 11. c5 Bd7 12. Qb4 dxc5 13. dxc5 Nc6 14. Qc4 Qe7 15. cxb6 axb6 16. a4 b5 17. Qxb5 Nd4 18. Qd3 Nb3 19. Rb1 Bxa4 20. Ng3 h6 21. Nf5 Qe6 22. Bh4 Rfd8 23. Qe3 Kh7 24. g4 Nd2 25. Rb2 Nxf1 26. Rxf1 Qc4 27. Rd2 Rxd2 28. Qxd2 Bb5 0-1

[Event "FIN-chT1B 1718"]
[Site "Finland"]
[Date "2017.10.22"]
[Round "4.4"]
[White "Seppala, Aki"]
[Black "Tuominen, Joona"]
[Result "1/2-1/2"]
[WhiteElo "2038"]
[BlackElo "1906"]
[PlyCount "87"]
[EventDate "2017.09.16"]
[EventType "team-tourn"]
[EventRounds "7"]
[EventCountry "FIN"]
[SourceTitle "EXT 2020"]
[Source "ChessBase"]
[SourceDate "2019.10.17"]
[SourceVersion "1"]
[SourceVersionDate "2019.10.17"]
[SourceQuality "1"]
[WhiteTeam "Jyvaskyla JyS II"]
[BlackTeam "Lahti S"]
[WhiteTeamCountry "FIN"]
[BlackTeamCountry "FIN"]

1. e4 b6 2. d4 Bb7 3. Nc3 e6 4. a3 d5 5. exd5 Bxd5 6. Nxd5 exd5 7. Nf3 Bd6 8. c4 Ne7 9. Bd3 dxc4 10. Bxc4 0-0 11. 0-0 c6 12. Bd3 h6 13. Qe2 Nd7 14. Ne5 Nf6 15. Qf3 Nfd5 16. Bc4 Rc8 17. Qh5 Bxe5 18. dxe5 Qd7 19. Rd1 Qe6 20. f4 Rfd8 21. Bd2 Nf5 22. Qf3 Nh4 23. Qe4 Qg6 24. Qxg6 Nxg6 25. g3 Nge7 26. Rac1 c5 27. g4 Nc6 28. Kf2 a5 29. h4 Kf8 30. Kg3 Nd4 31. Re1 Rd7 32. f5 b5 33. e6 fxe6 34. fxe6 Rd6 35. Rf1+ Ke7 36. Rf7+ Kxe6 37. Rxg7 bxc4 38. Re1+ Kf6 39. Rh7 Rg8 40. Rf1+ Ke6 41. Re1+ Kf6 42. Rf1+ Ke6 43. Re1+ Kf6 44. Rf1+ 1/2-1/2

[Event "Heart of Finland op 27th"]
[Site "Jyvaskyla"]
[Date "2017.07.18"]
[Round "3"]
[White "Kunin, Vitaly L"]
[Black "Seppala, Aki"]
[Result "1-0"]
[WhiteElo "2571"]
[BlackElo "2015"]
[PlyCount "71"]
[EventDate "2017.07.17"]
[EventType "swiss"]
[EventRounds "9"]
[EventCountry "FIN"]
[SourceTitle "CBM 179 Extra"]
[Source "ChessBase"]
[SourceDate "2017.08.23"]
[SourceVersion "1"]
[SourceVersionDate "2017.08.23"]
[SourceQuality "1"]

1. d4 Nf6 2. c4 e6 3. Nf3 Bb4+ 4. Nbd2 b6 5. a3 Bxd2+ 6. Qxd2 Bb7 7. e3 0-0 8. Be2 a5 9. b3 d6 10. 0-0 Ne4 11. Qc2 f5 12. Bb2 Nd7 13. d5 e5 14. Nd2 Nxd2 15. Qxd2 Qh4 16. f4 e4 17. Kh1 Nf6 18. g3 Qh3 19. Rg1 Bc8 20. Bf1 Qh5 21. h3 Bd7 22. Kg2 Qf3+ 23. Kh2 Qh5 24. Be2 Qf7 25. g4 fxg4 26. hxg4 g5 27. Raf1 Qg6 28. Rg3 Rf7 29. Kg2 Kf8 30. fxg5 Qxg5 31. Qd4 Ng8 32. Rxf7+ Kxf7 33. Qxe4 Nf6 34. Rf3 Rf8 35. Rxf6+ Qxf6 36. Bxf6 1-0

[Event "FIN-chT2 Gp4 1617"]
[Site "Finland"]
[Date "2016.12.10"]
[Round "5.3"]
[White "Seppala, Aki"]
[Black "Hartikainen, Jarmo"]
[Result "0-1"]
[WhiteElo "2055"]
[BlackElo "2224"]
[PlyCount "124"]
[EventDate "2016.09.17"]
[EventType "team-tourn"]
[EventRounds "7"]
[EventCountry "FIN"]
[SourceTitle "EXT 2019"]
[Source "ChessBase"]
[SourceDate "2018.10.10"]
[SourceVersion "1"]
[SourceVersionDate "2018.10.10"]
[SourceQuality "1"]
[WhiteTeam "Jyvaskyla JyS II"]
[BlackTeam "Kuopio KSY"]
[WhiteTeamCountry "FIN"]
[BlackTeamCountry "FIN"]

1. e4 c5 2. c3 d6 3. d4 Nf6 4. Bd3 g6 5. dxc5 dxc5 6. e5 Nfd7 7. f4 Bg7 8. Nf3 0-0 9. 0-0 Nb6 10. Qe2 Nc6 11. Be4 Qc7 12. Be3 Be6 13. Qf2 Nd7 14. Bxc5 Ncxe5 15. Bxe7 Ng4 16. Qh4 Rfe8 17. Ba3 Bc4 18. Nbd2 Bxf1 19. Rxf1 Ndf6 20. Bd3 Rad8 21. Bc4 Ne3 22. Ne5 Nxc4 23. Ndxc4 b5 24. Ne3 Qb6 25. Qf2 Ne4 26. Qe2 Bxe5 27. fxe5 Rxe5 28. Kh1 Ng5 29. h4 Ne4 30. Qf3 f5 31. Qf4 Ng3+ 32. Qxg3 Rxe3 33. Qg5 Rde8 34. Rxf5 Re1+ 35. Kh2 Qg1+ 36. Kh3 Qe3+ 37. Qxe3 R8xe3+ 38. Rf3 Rxf3+ 39. gxf3 Ra1 40. Kg4 Rxa2 41. h5 a5 42. f4 Ra1 43. hxg6 hxg6 44. Bc5 Rb1 45. Ba3 Kf7 46. Kf3 Ke6 47. Ke4 Rh1 48. Bc5 Re1+ 49. Kd3 Kf5 50. Be3 a4 51. Kd2 Rf1 52. Kd3 Rxf4 53. Bxf4 Kxf4 54. Kd4 g5 55. Kc5 g4 56. Kxb5 g3 57. Kxa4 g2 58. b4 g1Q 59. c4 Qf1 60. Kb5 Ke5 61. Kc5 Qd3 62. b5 Qd6# 0-1

[Event "Jyvaskyla Winter Weekend A"]
[Site "Jyvaskyla"]
[Date "2016.01.23"]
[Round "3"]
[White "Seppala, Aki"]
[Black "Nazarova, Anastasia"]
[Result "0-1"]
[WhiteElo "2068"]
[BlackElo "2066"]
[PlyCount "64"]
[EventDate "2016.01.22"]
[EventType "swiss"]
[EventRounds "5"]
[EventCountry "FIN"]
[SourceTitle "EXT 2022"]
[Source "ChessBase"]
[SourceDate "2021.10.06"]
[SourceVersion "1"]
[SourceVersionDate "2021.10.06"]
[SourceQuality "1"]

1. e4 c5 2. c3 g6 3. d4 cxd4 4. cxd4 d5 5. exd5 Nf6 6. Bb5+ Nbd7 7. Nc3 a6 8. Be2 Nb6 9. Nf3 Bg7 10. Ne5 0-0 11. 0-0 Nfxd5 12. Re1 Be6 13. Bf3 Rc8 14. Ne4 Rc7 15. Nc5 Bc8 16. Bd2 e6 17. Ba5 Qd6 18. Bxd5 Bxe5 19. Bf3 Bxd4 20. Ne4 Qe5 21. Bxb6 Bxb6 22. Qb3 Ba5 23. Red1 b5 24. Nd6 Bb6 25. Nxc8 Rfxc8 26. a4 Rc2 27. Rf1 Rxb2 28. Qd3 Rxf2 29. Kh1 Bc7 30. Kg1 Rb2 31. g3 Bb6+ 32. Kh1 Rcc2 0-1

[Event "FIN-chT2 Gp3 1516"]
[Site "Finland"]
[Date "2015.10.11"]
[Round "4.1"]
[White "Seppala, Aki"]
[Black "Kauppala, Pekka"]
[Result "1-0"]
[WhiteElo "2045"]
[BlackElo "2080"]
[PlyCount "71"]
[EventDate "2015.09.12"]
[EventType "team-tourn"]
[EventRounds "6"]
[EventCountry "FIN"]
[SourceTitle "EXT 2017"]
[Source "ChessBase"]
[SourceDate "2016.10.25"]
[SourceVersion "1"]
[SourceVersionDate "2016.10.25"]
[SourceQuality "1"]
[WhiteTeam "Jyvaskyla JyS II"]
[BlackTeam "Helsinki LauttSK"]
[WhiteTeamCountry "FIN"]
[BlackTeamCountry "FIN"]

1. e4 e5 2. Nf3 Nc6 3. d4 exd4 4. Bc4 Nf6 5. e5 d5 6. Bb5 Ne4 7. Nxd4 Bc5 8. Be3 Bd7 9. Bxc6 bxc6 10. Nd2 Qh4 11. 0-0 Bb6 12. f4 g6 13. Nxe4 dxe4 14. Qd2 Rd8 15. Qc3 0-0 16. Rae1 c5 17. Nb3 Bb5 18. Rf2 Rd5 19. Nxc5 Rfd8 20. Nxe4 Rd1 21. Bxb6 axb6 22. Qe3 R8d4 23. Nc3 Rxe1+ 24. Qxe1 Bc6 25. Qe3 Qd8 26. e6 Rd6 27. exf7+ Kxf7 28. f5 g5 29. h3 h6 30. Kh2 Qf6 31. Qe2 Kg8 32. Kg1 Kf8 33. Ne4 Bxe4 34. Qxe4 Qxb2 35. Re2 Qf6 36. Qe8+ 1-0

[Event "Jyvaskyla Winter Weekend B"]
[Site "Jyvaskyla"]
[Date "2015.01.24"]
[Round "2"]
[White "Vilppolainen, Markku"]
[Black "Seppala, Aki"]
[Result "1-0"]
[WhiteElo "1949"]
[BlackElo "1989"]
[PlyCount "119"]
[EventDate "2015.01.23"]
[EventType "swiss"]
[EventRounds "5"]
[EventCountry "FIN"]
[SourceTitle "EXT 2022"]
[Source "ChessBase"]
[SourceDate "2021.10.06"]
[SourceVersion "1"]
[SourceVersionDate "2021.10.06"]
[SourceQuality "1"]

1. e4 e5 2. Bc4 Nf6 3. d3 Nc6 4. Nf3 Bc5 5. c3 a6 6. Bb3 Ba7 7. Nbd2 d5 8. exd5 Nxd5 9. Nc4 0-0 10. 0-0 f6 11. Be3 Be6 12. Bxa7 Rxa7 13. Re1 b5 14. Ne3 Na5 15. Bxd5 Bxd5 16. b4 Nb7 17. Nxd5 Qxd5 18. d4 e4 19. Nd2 f5 20. f3 Re8 21. Qb3 Qxb3 22. axb3 Nd6 23. fxe4 fxe4 24. Nf1 c6 25. Ra2 Kf7 26. Ne3 Ke6 27. Rf1 Ree7 28. Rfa1 Nf5 29. Kf2 Nxe3 30. Kxe3 Kd5 31. Rxa6 Rxa6 32. Rxa6 Rf7 33. Ra5 Kd6 34. Ra2 Re7 35. Rf2 Kd5 36. Rf5+ Kd6 37. c4 bxc4 38. bxc4 Rb7 39. b5 cxb5 40. Rxb5 Re7 41. Rd5+ Kc6 42. Re5 Ra7 43. Kxe4 Ra2 44. Kf3 Rd2 45. Re6+ Kd7 46. d5 Rc2 47. Re4 Kd6 48. h4 h5 49. g3 Kc5 50. Kf4 Rc3 51. g4 hxg4 52. Kxg4 Ra3 53. Kf5 Ra6 54. Re6 Ra7 55. Rc6+ Kd4 56. Ke6 Ra8 57. d6 Rf8 58. Ke7 Rf6 59. Rc8 Ke5 60. d7 1-0

[Event "Heart of Finland op 24th"]
[Site "Jyvaskyla"]
[Date "2014.07.08"]
[Round "3"]
[White "Groetz, Harald"]
[Black "Seppala, Aki"]
[Result "1-0"]
[WhiteElo "2331"]
[BlackElo "1995"]
[PlyCount "129"]
[EventDate "2014.07.07"]
[EventType "swiss"]
[EventRounds "9"]
[EventCountry "FIN"]
[SourceTitle "EXT 2019"]
[Source "ChessBase"]
[SourceDate "2018.10.10"]
[SourceVersion "1"]
[SourceVersionDate "2018.10.10"]
[SourceQuality "1"]

1. e4 e5 2. Nf3 Nc6 3. Bb5 a6 4. Bxc6 dxc6 5. 0-0 Bg4 6. h3 h5 7. d3 Qf6 8. Be3 Bxf3 9. Qxf3 Qxf3 10. gxf3 Bd6 11. Nd2 Ne7 12. Rfb1 Ng6 13. b4 f5 14. a4 a5 15. Bc5 axb4 16. Bxd6 cxd6 17. Rxb4 b5 18. Nb3 Rxa4 19. Raxa4 bxa4 20. Rxa4 0-0 21. Ra6 Ne7 22. Na5 Rc8 23. Nb7 d5 24. Nc5 Kf7 25. Ra7 Re8 26. Kg2 Kf6 27. Rd7 fxe4 28. fxe4 dxe4 29. dxe4 Ra8 30. Rd6+ Kf7 31. Ne6 Ra2 32. Nd8+ Ke8 33. Nxc6 Nxc6 34. Rxc6 Kf7 35. c4 Rc2 36. c5 Rc4 37. f3 h4 38. Kf2 Rc2+ 39. Ke3 Rc3+ 40. Ke2 Rc2+ 41. Kd3 Rc1 42. Rc7+ Kf6 43. Kd2 Rc4 44. Rc6+ Kg5 45. Kd3 Rc1 46. Rc8 Kf4 47. Rf8+ Kg3 48. Rf5 Rxc5 49. f4 Rc7 50. fxe5 Kxh3 51. Rg5 Kh2 52. Kd4 h3 53. e6 Ra7 54. e5 Kh1 55. Kd5 h2 56. Kd6 Ra6+ 57. Kd7 Ra7+ 58. Ke8 Ra1 59. e7 Rg1 60. Rh5 g5 61. Kf7 g4 62. e8Q g3 63. Qc6+ g2 64. Rf5 Re1 65. Rf2 1-0

[Event "Heart of Finland op 24th"]
[Site "Jyvaskyla"]
[Date "2014.07.08"]
[Round "2"]
[White "Seppala, Aki"]
[Black "Drill, Frank J"]
[Result "0-1"]
[WhiteElo "1995"]
[BlackElo "2121"]
[PlyCount "80"]
[EventDate "2014.07.07"]
[EventType "swiss"]
[EventRounds "9"]
[EventCountry "FIN"]
[SourceTitle "EXT 2019"]
[Source "ChessBase"]
[SourceDate "2018.10.10"]
[SourceVersion "1"]
[SourceVersionDate "2018.10.10"]
[SourceQuality "1"]

1. e4 Nc6 2. Nf3 f5 3. d3 e5 4. Nc3 Nf6 5. Be2 Bb4 6. Bg5 d6 7. 0-0 Bxc3 8. bxc3 0-0 9. Nd2 f4 10. Nb3 Qe8 11. Bxf6 Rxf6 12. Bg4 Qe7 13. Bxc8 Rxc8 14. f3 Rh6 15. Rf2 Qh4 16. h3 Qg3 17. Kf1 d5 18. exd5 Ne7 19. c4 Nf5 20. Ke2 c6 21. dxc6 Rhxc6 22. Rc1 Rd8 23. Qg1 Ra6 24. Ra1 Qg6 25. Kd2 Qb6 26. Re2 Ne3 27. Kc1 Qb4 28. Qe1 Qa3+ 29. Kb1 Qd6 30. Qc3 Rc6 31. Kb2 Kh8 32. a3 Ra6 33. Qb4 Qf6 34. Qxb7 Rb6 35. Qxa7 e4+ 36. Ka2 exd3 37. cxd3 Rxb3 38. Kxb3 Qxa1 39. Rb2 Rxd3+ 40. Ka4 Qxa3+ 0-1

[Event "Jyvaskyla We JyS A"]
[Site "Jyvaskyla"]
[Date "2013.01.26"]
[Round "3"]
[White "Kokkala, Janne"]
[Black "Seppala, Aki"]
[Result "1-0"]
[WhiteElo "1880"]
[BlackElo "2036"]
[PlyCount "85"]
[EventDate "2013.01.25"]
[EventType "swiss"]
[EventRounds "5"]
[EventCountry "FIN"]
[SourceTitle "EXT 2022"]
[Source "ChessBase"]
[SourceDate "2021.10.06"]
[SourceVersion "1"]
[SourceVersionDate "2021.10.06"]
[SourceQuality "1"]

1. d4 Nf6 2. c4 e6 3. Nf3 c5 4. e3 cxd4 5. exd4 d5 6. Nc3 Nc6 7. Be3 Bb4 8. Bd3 dxc4 9. Bxc4 0-0 10. 0-0 Qa5 11. Rc1 Rd8 12. Qe2 Bd6 13. Rfd1 Qh5 14. Ne5 Qxe2 15. Bxe2 Nb4 16. Bf3 a6 17. Nc4 Bc7 18. a3 Nbd5 19. Bg5 b5 20. Nxd5 exd5 21. Ne3 Ra7 22. Bxf6 gxf6 23. Nxd5 Bb8 24. Nxf6+ Kg7 25. Nh5+ Kf8 26. Ng3 Re7 27. Ne4 Bf5 28. Nc5 Bf4 29. Rc3 Rxd4 30. g4 Rxd1+ 31. Bxd1 Bg6 32. Kg2 Re1 33. Nd3 Rxd1 34. Nxf4 Be4+ 35. f3 Rd2+ 36. Kg3 Bb1 37. b4 Ra2 38. h4 Rd2 39. Rc6 Rb2 40. Nd5 Ba2 41. Rc8+ Kg7 42. Nf4 Rb3 43. Nh5+ 1-0

[Event "Jyvaskyla We JyS A"]
[Site "Jyvaskyla"]
[Date "2013.01.25"]
[Round "1"]
[White "Seppala, Aki"]
[Black "Luukkonen, Tommi"]
[Result "0-1"]
[WhiteElo "2036"]
[BlackElo "2303"]
[PlyCount "86"]
[EventDate "2013.01.25"]
[EventType "swiss"]
[EventRounds "5"]
[EventCountry "FIN"]
[SourceTitle "EXT 2022"]
[Source "ChessBase"]
[SourceDate "2021.10.06"]
[SourceVersion "1"]
[SourceVersionDate "2021.10.06"]
[SourceQuality "1"]

1. e4 c5 2. c3 d6 3. d4 Nf6 4. Bd3 g6 5. dxc5 dxc5 6. e5 Nd5 7. Be4 e6 8. c4 Nb4 9. Qxd8+ Kxd8 10. Nc3 a6 11. f4 Kc7 12. Nf3 Be7 13. Be3 Nd7 14. 0-0-0 f5 15. Bb1 Rb8 16. a3 Nc6 17. Nd5+ exd5 18. cxd5 Na5 19. d6+ Bxd6 20. exd6+ Kc6 21. Ba2 b5 22. Ne5+ Nxe5 23. fxe5 c4 24. Bd2 Nb7 25. Be3 Re8 26. Bd4 Be6 27. Rhe1 a5 28. Re3 b4 29. Rh3 h5 30. Rh4 Kb5 31. Bb1 Rec8 32. axb4 axb4 33. Kd2 Nc5 34. Bxc5 Rxc5 35. Re1 Kc6 36. Bc2 b3 37. Bd1 Rbb5 38. Be2 Rd5+ 39. Kc3 Rxe5 40. Bxc4 Rxe1 41. d7 Rb8 42. Bb5+ Kd6 43. Rd4+ Ke7 0-1

[Event "Heart of Finland op 22nd"]
[Site "Jyvaskyla"]
[Date "2012.07.15"]
[Round "9"]
[White "Seppala, Aki"]
[Black "Nivala, Tuomas"]
[Result "0-1"]
[WhiteElo "2010"]
[BlackElo "2214"]
[PlyCount "108"]
[EventDate "2012.07.09"]
[EventType "swiss"]
[EventRounds "9"]
[EventCountry "FIN"]
[SourceTitle "EXT 2022"]
[Source "ChessBase"]
[SourceDate "2021.10.06"]
[SourceVersion "1"]
[SourceVersionDate "2021.10.06"]
[SourceQuality "1"]

1. e4 e6 2. Nf3 d5 3. exd5 exd5 4. d4 Nc6 5. c3 Bd6 6. Bd3 Nge7 7. 0-0 Bg4 8. Re1 Qd7 9. Nbd2 0-0 10. Qc2 h6 11. b4 Rae8 12. b5 Na5 13. Ne5 Bxe5 14. Rxe5 Ng6 15. Bxg6 fxg6 16. Qxg6 Bf5 17. Qg3 Rxe5 18. dxe5 Qxb5 19. Nf3 Kh8 20. Ba3 Re8 21. Nd4 Qd3 22. Qxd3 Bxd3 23. f4 Nc4 24. Rd1 Be4 25. Bc1 a6 26. Kf2 c5 27. Nb3 b6 28. Nd2 Bc2 29. Re1 Na5 30. Ba3 Kg8 31. Rc1 Bf5 32. Rd1 Kf7 33. Bc1 Ke6 34. Bb2 Rd8 35. g3 g5 36. Rg1 Bd3 37. Bc1 Bc4 38. Nxc4 Nxc4 39. Ke2 Rg8 40. Kd1 gxf4 41. Bxf4 h5 42. Re1 Rf8 43. Kc2 Rf5 44. Kd3 h4 45. Rb1 hxg3 46. hxg3 Rh5 47. Rg1 Rh2 48. Rb1 b5 49. Rg1 a5 50. Re1 b4 51. cxb4 axb4 52. Ra1 Rg2 53. Rh1 Nxe5+ 54. Ke3 d4+ 0-1

[Event "Heart of Finland op 22nd"]
[Site "Jyvaskyla"]
[Date "2012.07.10"]
[Round "2"]
[White "Pohjala, Henri"]
[Black "Seppala, Aki"]
[Result "1-0"]
[WhiteElo "2279"]
[BlackElo "2010"]
[PlyCount "143"]
[EventDate "2012.07.09"]
[EventType "swiss"]
[EventRounds "9"]
[EventCountry "FIN"]
[SourceTitle "EXT 2013"]
[Source "ChessBase"]
[SourceDate "2012.11.22"]
[SourceVersion "1"]
[SourceVersionDate "2012.11.22"]
[SourceQuality "1"]

1. d4 Nf6 2. Bg5 c5 3. Bxf6 exf6 4. d5 g6 5. g3 d6 6. Bg2 Bg7 7. Nd2 0-0 8. a4 f5 9. c3 b6 10. Nh3 Re8 11. 0-0 Bb7 12. Re1 Nd7 13. Nf4 Nf6 14. a5 b5 15. e4 fxe4 16. Nxe4 Nxe4 17. Bxe4 a6 18. Ng2 Qc7 19. Qf3 Re5 20. Red1 f5 21. Bc2 Bh6 22. b3 c4 23. bxc4 Qxc4 24. Rd4 Qc5 25. Bb3 Rc8 26. Rd3 Qc7 27. h4 Qg7 28. Ne1 Re7 29. Nc2 Kh8 30. Nd4 Qg8 31. h5 Bg7 32. hxg6 hxg6 33. Kg2 Qf7 34. Ba2 Bxd4 35. Rxd4 Kg7 36. Qf4 Re5 37. Rh1 Rh8 38. Rxh8 Kxh8 39. Qh4+ Kg7 40. Qd8 Qe7 41. Qb6 g5 42. Bb3 g4 43. c4 bxc4 44. Bxc4 Re4 45. Kh2 Kg6 46. Rxe4 fxe4 47. Bxa6 Bxd5 48. Qe3 Qd8 49. Qd2 Qh8+ 50. Kg1 Qa8 51. Be2 e3 52. fxe3 Bh1 53. Qxd6+ Kg7 54. Qe5+ Kh6 55. Qf6+ Kh5 56. Qh4+ Kg6 57. Qxh1 Qxa5 58. Qe4+ Kf6 59. Qxg4 Qe1+ 60. Kg2 Qa5 61. Qf4+ Ke6 62. Bc4+ Kd7 63. g4 Qd2+ 64. Kh3 Qe1 65. Bd5 Qd1 66. Bg2 Qe1 67. g5 Ke6 68. g6 Qa1 69. Qg4+ Ke7 70. g7 Qe1 71. Qg5+ Kd6 72. Qg3+ 1-0